| 000 | 00560nam a2200229Ia 4500 | ||
|---|---|---|---|
| 003 | OSt | ||
| 005 | 20220918203319.0 | ||
| 006 | a|||||r|||| 00| 0 | ||
| 007 | ta | ||
| 008 | 220917b |||||||| |||| 00| 0 eng d | ||
| 024 | _a107,477 | ||
| 037 | _cTextual | ||
| 040 |
_aARTS _cARTS _beng |
||
| 041 |
_2eng _aeng |
||
| 082 | _aV3,45wN03, L2 | ||
| 100 |
_aIllingworth John H _9107924 |
||
| 245 | 0 | _aMalham story | |
| 260 | _c1972 | ||
| 650 | _aHISTORY | ||
| 942 |
_hV3,45wN03, L2 _cTEXL _2CC |
||
| 999 |
_c230835 _d230835 |
||